000 00415nam a2200169Ia 4500
008 230524s9999 xx 000 0 und d
020 _a8174633992
082 _a331
_bSIN
100 _aB.D.Singh
245 0 _aIndustrial Relations : Imerging Paradigms
250 _aIST
260 _aNEW DELHI
_bExcel Books
_c2005
300 _aXII;417
500 _aQuantity Number: 3
650 _aManagement
942 _cBK
999 _c42507
_d42507